[Event "Korcsoportos bajnokság, 18 évesek"]
[Site "Budapest"]
[Date "2020.10.24"]
[Round "1.1"]
[White "Kovacs, Gabor Etele"]
[Black "Kelemen, David"]
[Result "1/2-1/2"]
[WhiteElo "2075"]
[BlackElo "2171"]
[PlyCount "83"]
[EventDate "2020.10.24"]
[EventType "tourn"]
[EventRounds "9"]
[EventCountry "HUN"]

1. e4 g6 2. d4 Bg7 3. Nc3 Nc6 4. Be3 d5 5. exd5 Nb4 6. Bc4 Nf6 7. Nge2 Bf5 8.
Rc1 Nbxd5 9. Nxd5 Nxd5 10. Bg5 h6 11. Bh4 O-O 12. O-O c6 13. c3 Qd7 14. Re1
Rfe8 15. Ng3 Be6 16. Ne4 b6 17. Bg3 Rad8 18. Qe2 Bf5 19. a4 Kh8 20. Qd2 Qb7 21.
Re2 c5 22. Rce1 Qa8 23. Nd6 exd6 24. Rxe8+ Rxe8 25. Rxe8+ Qxe8 26. Bxd5 Qxa4
27. h4 cxd4 28. Qf4 Qd1+ 29. Kh2 dxc3 30. Qxd6 Be6 31. Qb8+ Kh7 32. Bxe6 fxe6
33. Qxa7 Qd4 34. bxc3 Qc5 35. c4 e5 36. Qf7 h5 37. f3 Qd4 38. Qe6 Kh6 39. Qc6
Bf8 40. Qe4 Qxe4 41. fxe4 Bd6 42. Bf2 1/2-1/2

[Event "Korcsoportos bajnokság, 18 évesek"]
[Site "Budapest"]
[Date "2020.10.24"]
[Round "1.2"]
[White "Pribelszky, Bence"]
[Black "Geher, Koppany"]
[Result "1/2-1/2"]
[WhiteElo "2286"]
[BlackElo "2319"]
[PlyCount "60"]
[EventDate "2020.10.24"]
[EventType "tourn"]
[EventRounds "9"]
[EventCountry "HUN"]

1. Nf3 Nf6 2. c4 g6 3. Nc3 Bg7 4. e4 e5 5. Be2 Nc6 6. O-O O-O 7. d3 d6 8. Rb1
Bg4 9. Ne1 Bxe2 10. Nxe2 Nd7 11. b4 a5 12. b5 Ne7 13. Be3 f5 14. f3 Nc5 15. Nc3
Ne6 16. Nd5 c6 17. bxc6 bxc6 18. Nxe7+ Qxe7 19. Qa4 Qc7 20. Nc2 Rab8 21. Kh1
Rfd8 22. Bd2 Nc5 23. Qxa5 Qxa5 24. Bxa5 Rxb1 25. Rxb1 Ra8 26. Bc7 Rxa2 27. Nb4
Rd2 28. Bxd6 Nxd3 29. Nxd3 Rxd3 30. c5 fxe4 1/2-1/2

[Event "Korcsoportos bajnokság, 18 évesek"]
[Site "Budapest"]
[Date "2020.10.24"]
[Round "1.3"]
[White "Demjen, Mark"]
[Black "Ongut, Tamas Gunes"]
[Result "1-0"]
[WhiteElo "2018"]
[BlackElo "2333"]
[PlyCount "91"]
[EventDate "2020.10.24"]
[EventType "tourn"]
[EventRounds "9"]
[EventCountry "HUN"]

1. e4 c5 2. Nf3 d6 3. c4 e5 4. Be2 Nc6 5. O-O g6 6. Nc3 Bg7 7. d3 Nge7 8. Ne1
O-O 9. Rb1 Be6 10. Nc2 f5 11. Nd5 b6 12. b4 cxb4 13. Ncxb4 Nxb4 14. Nxb4 fxe4
15. dxe4 Qd7 16. Ba3 Rac8 17. Nd5 Bxd5 18. cxd5 Rc3 19. Bb5 Qd8 20. Bb4 Rc7 21.
Qb3 Bh6 22. Rfd1 Rf6 23. Rd3 Qc8 24. Rf3 Rc1+ 25. Rxc1 Qxc1+ 26. Bf1 Qg5 27.
Rxf6 Qxf6 28. Qa3 a5 29. Bxd6 Nc8 30. Bc7 Bf8 31. Qb2 Bd6 32. Bxd6 Qxd6 33. Qc3
Ne7 34. g3 Kf7 35. Bh3 Ke8 36. Be6 Kd8 37. Kg2 a4 38. Qc4 a3 39. Qa6 g5 40. f4
gxf4 41. gxf4 exf4 42. Qa8+ Kc7 43. Qa7+ Kd8 44. e5 Nc8 45. Qg7 Qc5 46. Qd7#
1-0

[Event "Korcsoportos bajnokság, 18 évesek"]
[Site "Budapest"]
[Date "2020.10.24"]
[Round "1.4"]
[White "Vodila, Martin Botond"]
[Black "Pogany, Zsombor"]
[Result "1/2-1/2"]
[WhiteElo "2224"]
[BlackElo "2221"]
[PlyCount "39"]
[EventDate "2020.10.24"]
[EventType "tourn"]
[EventRounds "9"]
[EventCountry "HUN"]

1. e4 c6 2. d4 d5 3. exd5 cxd5 4. Bd3 Nc6 5. c3 Nf6 6. Bf4 Bg4 7. Qb3 Qc8 8.
Nd2 e6 9. Ngf3 Be7 10. O-O O-O 11. h3 Bh5 12. Ne5 Nxe5 13. Bxe5 Bg6 14. Bxg6
hxg6 15. a4 Rd8 16. a5 Bd6 17. Bxd6 Rxd6 18. Rfc1 Rb8 19. Qa3 Rc6 20. Re1
1/2-1/2

[Event "Korcsoportos bajnokság, 18 évesek"]
[Site "Budapest"]
[Date "2020.10.24"]
[Round "1.5"]
[White "Tubak, Daniel"]
[Black "Forgacs, Andras"]
[Result "1-0"]
[WhiteElo "2214"]
[BlackElo "1880"]
[PlyCount "71"]
[EventDate "2020.10.24"]
[EventType "tourn"]
[EventRounds "9"]
[EventCountry "HUN"]

1. e4 c6 2. d4 d5 3. Nc3 dxe4 4. Nxe4 Bf5 5. Ng3 Bg6 6. N1e2 h6 7. Nf4 Bh7 8.
Bc4 Nf6 9. O-O Nbd7 10. Re1 Nb6 11. Bb3 Nbd5 12. Ngh5 Qd6 13. Nxd5 Nxd5 14. c4
Nb4 15. Nf4 g5 16. c5 Qd7 17. a3 Na6 18. Nh5 O-O-O 19. Bxf7 Nxc5 20. Qf3 Nd3
21. Be6 Nxe1 22. Bxd7+ Rxd7 23. Qd1 Nc2 24. Ra2 Rxd4 25. Qe2 Bd3 26. Qe6+ Kd8
27. h3 Bc4 28. Qe5 Bxa2 29. Qxh8 Ke8 30. Kh2 Rd1 31. Be3 Nxe3 32. fxe3 Rd3 33.
Ng7+ Kf7 34. Nf5 Rd2 35. e4 Re2 36. b4 1-0

[Event "Korcsoportos bajnokság, 18 évesek"]
[Site "Budapest"]
[Date "2020.10.25"]
[Round "2.1"]
[White "Kelemen, David"]
[Black "Forgacs, Andras"]
[Result "0-1"]
[WhiteElo "2171"]
[BlackElo "1880"]
[PlyCount "88"]
[EventDate "2020.10.24"]
[EventType "tourn"]
[EventRounds "9"]
[EventCountry "HUN"]

1. e4 c6 2. d4 d5 3. Nc3 dxe4 4. Nxe4 Nd7 5. Nf3 Ngf6 6. Nxf6+ Nxf6 7. Bc4 Bf5
8. O-O e6 9. Bg5 Bg4 10. Be2 Be7 11. h3 Bxf3 12. Bxf3 h6 13. Bf4 Nd5 14. Be5
Bf6 15. c4 Nb6 16. Qe2 Bxe5 17. Qxe5 O-O 18. b3 Qe7 19. Rfe1 Rfd8 20. Rad1 Qa3
21. Rd3 Nxc4 22. Qe2 Nd6 23. Bh5 Rd7 24. Qe5 Rad8 25. g4 Ne8 26. g5 hxg5 27.
Qxg5 Rd5 28. Qh4 Qa5 29. Bxf7+ Kxf7 30. Rf3+ Kg8 31. Rxe6 Rg5+ 32. Rg3 Rxg3+
33. Qxg3 Qd5 34. Re7 Qxd4 35. Rxb7 Qe4 36. Qg4 Qe1+ 37. Kg2 Rd6 38. Qc4+ Kh7
39. Qc2+ Rg6+ 40. Kf3 Nd6 41. Rb8 Qe6 42. h4 Nf5 43. Qe4 Qf7 44. h5 Nd6+ 0-1

[Event "Korcsoportos bajnokság, 18 évesek"]
[Site "Budapest"]
[Date "2020.10.25"]
[Round "2.3"]
[White "Ongut, Tamas Gunes"]
[Black "Vodila, Martin Botond"]
[Result "0-1"]
[WhiteElo "2333"]
[BlackElo "2224"]
[PlyCount "176"]
[EventDate "2020.10.24"]
[EventType "tourn"]
[EventRounds "9"]
[EventCountry "HUN"]

1. d4 Nf6 2. c4 g6 3. f3 Bg7 4. e4 d6 5. Ne2 O-O 6. Nbc3 e5 7. d5 Nbd7 8. Bg5
h6 9. Be3 a5 10. g4 Kh7 11. Ng3 Nc5 12. h4 Ng8 13. Qc2 Bd7 14. O-O-O Ne7 15. h5
g5 16. Nf5 b6 17. Kb1 Bf6 18. Be2 Qb8 19. b3 Qa7 20. Nb5 Qb7 21. Rc1 Nxf5 22.
gxf5 Bxb5 23. cxb5 Ra7 24. Bd1 Rfa8 25. Qc4 Qb8 26. Rh2 Qe8 27. Rhc2 Bd8 28.
Kb2 Qe7 29. Rc3 Qe8 30. Qf1 Qe7 31. Kc2 Qe8 32. Be2 Qe7 33. Qh3 Qe8 34. Kd2 Qe7
35. Bf1 Qf6 36. Be2 Be7 37. Rg1 Rg8 38. Bd1 Bd8 39. Rc4 Be7 40. Bc2 Bd8 41. Qg4
Rg7 42. Ke2 Ra8 43. Bd3 Ra7 44. Rc2 Ra8 45. Bc4 Be7 46. Bc1 Rgg8 47. Kd1 Rg7
48. Re2 Rgg8 49. Bd2 Rg7 50. Bc3 Rgg8 51. Reg2 Rg7 52. Kc2 Rgg8 53. Rg3 Rg7 54.
R1g2 Rgg8 55. Qh3 Rg7 56. Rg4 Rgg8 57. Qg3 Qh8 58. Rg1 Bf6 59. Qg2 Qg7 60. a3
Ra7 61. Qf1 Rga8 62. Bb2 Qh8 63. Qa1 Nd7 64. Qe1 Nc5 65. Qc3 Qe8 66. f4 Nxe4
67. Qf3 exf4 68. Re1 Bxb2 69. Rxe4 Qh8 70. Rg2 Qf6 71. a4 Be5 72. Bd3 Re8 73.
Rge2 Raa8 74. Rc4 Re7 75. Kb1 Rae8 76. Rce4 Kg7 77. Rc2 Ba1 78. Rxe7 Rxe7 79.
Re2 Bd4 80. Rxe7 Qxe7 81. Be4 Kf6 82. Qd3 Qe5 83. Bf3 Qe3 84. Kc2 Bc5 85. Qf1
Bb4 86. Qd3 Qxd3+ 87. Kxd3 Kxf5 88. Be4+ Ke5 0-1

[Event "Korcsoportos bajnokság, 18 évesek"]
[Site "Budapest"]
[Date "2020.10.25"]
[Round "2.4"]
[White "Geher, Koppany"]
[Black "Demjen, Mark"]
[Result "1/2-1/2"]
[WhiteElo "2319"]
[BlackElo "2018"]
[PlyCount "30"]
[EventDate "2020.10.24"]
[EventType "tourn"]
[EventRounds "9"]
[EventCountry "HUN"]

1. e4 c6 2. d4 d5 3. e5 Bf5 4. h4 h5 5. Bd3 Bxd3 6. Qxd3 e6 7. Bg5 Qb6 8. Nd2
c5 9. c4 Qxb2 10. Rd1 Nc6 11. Ngf3 Nb4 12. Qe2 cxd4 13. O-O d3 14. Qe3 Qa3 15.
Rb1 Nh6 1/2-1/2

[Event "Korcsoportos bajnokság, 18 évesek"]
[Site "Budapest"]
[Date "2020.10.25"]
[Round "2.5"]
[White "Kovacs, Gabor Etele"]
[Black "Pribelszky, Bence"]
[Result "0-1"]
[WhiteElo "2075"]
[BlackElo "2286"]
[PlyCount "90"]
[EventDate "2020.10.24"]
[EventType "tourn"]
[EventRounds "9"]
[EventCountry "HUN"]

1. e4 c6 2. d4 d5 3. Nc3 dxe4 4. Nxe4 Bf5 5. Ng3 Bg6 6. h4 h6 7. f4 e6 8. Nf3
Nd7 9. h5 Bh7 10. Bd3 Bxd3 11. Qxd3 Qb6 12. Bd2 Qxb2 13. O-O Qa3 14. c3 O-O-O
15. Rfb1 Bd6 16. Ne4 Bc7 17. Rb3 Qa6 18. c4 f5 19. Nf2 Nc5 20. Qb1 Ne4 21. Nxe4
fxe4 22. Qxe4 Qxc4 23. Re1 Nf6 24. Qg6 Rd7 25. Ne5 Bxe5 26. dxe5 Nxh5 27. Be3
Nxf4 28. Qg4 g5 29. Bxf4 gxf4 30. Kh2 h5 31. Qg6 h4 32. Rd1 Rdh7 33. Rdd3 a5
34. Qf6 a4 35. Rbc3 Qxa2 36. Qxf4 h3 37. Rxh3 Rxh3+ 38. Rxh3 Rxh3+ 39. Kxh3
Qb3+ 40. g3 a3 41. Qf8+ Kc7 42. Qd6+ Kb6 43. Qd4+ Ka6 44. Qd8 a2 45. Kh4 Qa4+
0-1

[Event "Korcsoportos bajnokság, 18 évesek"]
[Site "Budapest"]
[Date "2020.10.25"]
[Round "3.1"]
[White "Pribelszky, Bence"]
[Black "Kelemen, David"]
[Result "0-1"]
[WhiteElo "2286"]
[BlackElo "2171"]
[PlyCount "62"]
[EventDate "2020.10.24"]
[EventType "tourn"]
[EventRounds "9"]
[EventCountry "HUN"]

1. e4 g6 2. d4 Bg7 3. Nc3 d6 4. Be3 c6 5. Qd2 Nd7 6. O-O-O b5 7. Kb1 Rb8 8. f3
Nb6 9. b3 a5 10. g4 a4 11. h4 h5 12. gxh5 Rxh5 13. Nce2 Nc4 14. bxc4 bxc4+ 15.
Ka1 Qb6 16. Qc1 c5 17. c3 a3 18. dxc5 Qa5 19. Bd4 Bh6 20. f4 dxc5 21. Be3 Bg7
22. Bh3 Bb7 23. Bg2 Nf6 24. e5 Bxg2 25. Rh2 Be4 26. exf6 Bxf6 27. Qd2 Rd5 28.
Bd4 cxd4 29. Nxd4 Rb2 30. Qe3 Rxh2 31. Qxe4 Qxc3+ 0-1

[Event "Korcsoportos bajnokság, 18 évesek"]
[Site "Budapest"]
[Date "2020.10.25"]
[Round "3.2"]
[White "Demjen, Mark"]
[Black "Kovacs, Gabor Etele"]
[Result "1/2-1/2"]
[WhiteElo "2018"]
[BlackElo "2075"]
[PlyCount "83"]
[EventDate "2020.10.24"]
[EventType "tourn"]
[EventRounds "9"]
[EventCountry "HUN"]

1. Nf3 d5 2. c4 e6 3. e3 Nf6 4. d4 c6 5. Nbd2 Be7 6. Bd3 O-O 7. O-O Nbd7 8. e4
dxe4 9. Nxe4 b6 10. Be3 Bb7 11. Nxf6+ Bxf6 12. Qc2 h6 13. c5 e5 14. Rad1 Qc7
15. b4 exd4 16. Bxd4 Rad8 17. Rfe1 Rfe8 18. Rxe8+ Rxe8 19. Bf5 Bxd4 20. Nxd4
Nf6 21. g3 b5 22. Bh3 Nd5 23. a3 Bc8 24. Bg2 Bg4 25. Rc1 a6 26. h3 Bd7 27. Rd1
Qe5 28. Qd2 Kh8 29. Kh2 f5 30. Nxc6 Bxc6 31. Bxd5 Rd8 32. Bxc6 Rxd2 33. Rxd2 f4
34. Kg2 fxg3 35. fxg3 Qe3 36. Rf2 Qxa3 37. Be4 g5 38. c6 Qxb4 39. c7 Qxe4+ 40.
Kh2 Qe8 41. Rd2 Kg7 42. Rd8 1/2-1/2

[Event "Korcsoportos bajnokság, 18 évesek"]
[Site "Budapest"]
[Date "2020.10.25"]
[Round "3.3"]
[White "Vodila, Martin Botond"]
[Black "Geher, Koppany"]
[Result "1/2-1/2"]
[WhiteElo "2224"]
[BlackElo "2319"]
[PlyCount "54"]
[EventDate "2020.10.24"]
[EventType "tourn"]
[EventRounds "9"]
[EventCountry "HUN"]

1. e4 c5 2. Nf3 e6 3. d4 cxd4 4. Nxd4 Nc6 5. Nc3 Qc7 6. Nxc6 bxc6 7. Bd3 Nf6 8.
O-O e5 9. Qf3 d6 10. h3 Be7 11. Ne2 O-O 12. Ng3 d5 13. Re1 Be6 14. Bg5 d4 15.
Nf5 c5 16. b3 Rac8 17. Qg3 Bxf5 18. exf5 Nh5 19. Qh4 Bxg5 20. Qxh5 Bf6 21. a4
Rfe8 22. Re4 Re7 23. Rae1 Rce8 24. Bc4 Kh8 25. Kh1 Qb7 26. Bb5 Rf8 27. Bd3 Rfe8
1/2-1/2

[Event "Korcsoportos bajnokság, 18 évesek"]
[Site "Budapest"]
[Date "2020.10.25"]
[Round "3.4"]
[White "Tubak, Daniel"]
[Black "Ongut, Tamas Gunes"]
[Result "0-1"]
[WhiteElo "2214"]
[BlackElo "2333"]
[PlyCount "86"]
[EventDate "2020.10.24"]
[EventType "tourn"]
[EventRounds "9"]
[EventCountry "HUN"]

1. e4 c5 2. Nf3 d6 3. d4 cxd4 4. Nxd4 Nf6 5. Nc3 a6 6. h3 e5 7. Nde2 h5 8. g3
Be7 9. Bg2 b5 10. O-O Be6 11. Be3 Nbd7 12. f4 Rc8 13. Nd5 Bxd5 14. exd5 O-O 15.
b3 Re8 16. Qd2 Bf8 17. Kh1 e4 18. Rac1 Nb6 19. Bxb6 Qxb6 20. c4 bxc4 21. bxc4
Rb8 22. Nd4 Qb2 23. Rc2 Qa3 24. Nc6 Rb7 25. Kh2 h4 26. Rc3 Rb2 27. Rxa3 hxg3+
28. Rxg3 Rxd2 29. Rc3 Nh5 30. f5 e3 31. Re1 Nf4 32. Rexe3 Rxg2+ 33. Kh1 Rxe3
34. Rxe3 Rxa2 35. Re8 Re2 36. Ra8 g5 37. f6 Ng6 38. Rxa6 Rf2 39. Nd4 Rxf6 40.
c5 Rf1+ 41. Kg2 Rd1 42. c6 Rxd4 43. c7 Rc4 0-1

[Event "Korcsoportos bajnokság, 18 évesek"]
[Site "Budapest"]
[Date "2020.10.25"]
[Round "3.5"]
[White "Forgacs, Andras"]
[Black "Pogany, Zsombor"]
[Result "1/2-1/2"]
[WhiteElo "1880"]
[BlackElo "2221"]
[PlyCount "143"]
[EventDate "2020.10.24"]
[EventType "tourn"]
[EventRounds "9"]
[EventCountry "HUN"]

1. d4 Nf6 2. c4 e5 3. dxe5 Ng4 4. e3 Nxe5 5. Nh3 g6 6. Nf4 Bg7 7. Be2 d6 8. O-O
O-O 9. Nc3 Nbd7 10. Qd2 Nc5 11. b3 Ne6 12. Bb2 Nxf4 13. exf4 Ng4 14. g3 Be6 15.
Bf3 Rb8 16. Ne4 Nf6 17. Qd4 Ne8 18. Qd2 Bxb2 19. Qxb2 Bf5 20. Rad1 Bxe4 21.
Bxe4 Nf6 22. Bf3 Nd7 23. b4 Qf6 24. Qa3 a6 25. c5 Rfd8 26. cxd6 cxd6 27. Rd3
Nb6 28. Rfd1 Nc4 29. Qc3 Qxc3 30. Rxc3 b5 31. Bd5 Rdc8 32. Bxc4 Rxc4 33. Rxc4
bxc4 34. Rxd6 Rxb4 35. Rxa6 Rb1+ 36. Kg2 c3 37. Rc6 Ra1 38. Rxc3 Rxa2 39. g4
Kg7 40. Rc5 Ra4 41. Kg3 Ra3+ 42. f3 h6 43. h4 Ra1 44. f5 g5 45. hxg5 hxg5 46.
Kf2 Ra2+ 47. Ke3 Ra3+ 48. Ke4 Ra4+ 49. Kd3 Rf4 50. Ke3 Ra4 51. Rd5 Ra3+ 52. Ke4
Ra4+ 53. Rd4 Ra1 54. f4 Re1+ 55. Kf3 gxf4 56. Kxf4 Rf1+ 57. Kg3 Rg1+ 58. Kf2
Ra1 59. Kf3 Rf1+ 60. Kg3 Rg1+ 61. Kh4 Rh1+ 62. Kg5 f6+ 63. Kf4 Kh6 64. Rd8 Rf1+
65. Kg3 Rg1+ 66. Kf3 Kg7 67. Rd7+ Kg8 68. Kf4 Kf8 69. Rd4 Kg7 70. Re4 Kh6 71.
Re7 Rxg4+ 72. Kxg4 1/2-1/2

[Event "Korcsoportos bajnokság, 18 évesek"]
[Site "Budapest"]
[Date "2020.10.26"]
[Round "4.1"]
[White "Kelemen, David"]
[Black "Pogany, Zsombor"]
[Result "0-1"]
[WhiteElo "2171"]
[BlackElo "2221"]
[PlyCount "102"]
[EventDate "2020.10.24"]
[EventType "tourn"]
[EventRounds "9"]
[EventCountry "HUN"]

1. e4 c6 2. d4 d5 3. Nc3 dxe4 4. Nxe4 Bf5 5. Ng3 Bg6 6. Nh3 e6 7. Nf4 Qh4 8. c3
Nd7 9. Qf3 Ngf6 10. Bd2 Bd6 11. O-O-O O-O-O 12. Bd3 e5 13. Nxg6 hxg6 14. Ne4
Nxe4 15. Qxe4 Qxe4 16. Bxe4 exd4 17. cxd4 Rh4 18. f3 Bxh2 19. Kc2 Bg3 20. Rxh4
Bxh4 21. d5 c5 22. b4 c4 23. d6 Nf6 24. Bf4 Nxe4 25. fxe4 Kd7 26. g3 Bf6 27. e5
g5 28. exf6 gxf4 29. fxg7 Rg8 30. gxf4 Rxg7 31. b5 Rg2+ 32. Kc3 Rxa2 33. f5 Rf2
34. Rd5 Rf4 35. Kb4 f6 36. Kc3 Re4 37. Rd1 Re5 38. Kxc4 Rxf5 39. Ra1 Kxd6 40.
Rxa7 Kc7 41. Ra8 Kb6 42. Rb8 Rc5+ 43. Kd4 Rxb5 44. Ke4 f5+ 45. Kf4 Rc5 46. Ra8
Kc6 47. Rc8+ Kb5 48. Rb8 b6 49. Ke3 Rd5 50. Rc8 Ka5 51. Ra8+ Kb4 0-1

[Event "Korcsoportos bajnokság, 18 évesek"]
[Site "Budapest"]
[Date "2020.10.26"]
[Round "4.2"]
[White "Ongut, Tamas Gunes"]
[Black "Forgacs, Andras"]
[Result "1-0"]
[WhiteElo "2333"]
[BlackElo "1880"]
[PlyCount "45"]
[EventDate "2020.10.24"]
[EventType "tourn"]
[EventRounds "9"]
[EventCountry "HUN"]

1. e4 c6 2. d4 d5 3. f3 dxe4 4. fxe4 e5 5. Nf3 exd4 6. Bc4 Be6 7. Bxe6 fxe6 8.
O-O Nd7 9. Ng5 Ngf6 10. Nxe6 Qb6 11. Bf4 d3+ 12. Kh1 Qxb2 13. Nd2 dxc2 14. Qf3
Rc8 15. e5 Nxe5 16. Qe2 Bd6 17. Nxg7+ Kd7 18. Nf5 Nf7 19. Nxd6 Nxd6 20. Bxd6
Rce8 21. Qd3 Nd5 22. Rf7+ Kd8 23. Bc7+ 1-0

[Event "Korcsoportos bajnokság, 18 évesek"]
[Site "Budapest"]
[Date "2020.10.26"]
[Round "4.3"]
[White "Geher, Koppany"]
[Black "Tubak, Daniel"]
[Result "1-0"]
[WhiteElo "2319"]
[BlackElo "2214"]
[PlyCount "121"]
[EventDate "2020.10.24"]
[EventType "tourn"]
[EventRounds "9"]
[EventCountry "HUN"]

1. e4 e6 2. d4 d5 3. Nd2 Nf6 4. e5 Nfd7 5. Bd3 c5 6. c3 Nc6 7. Ne2 cxd4 8. cxd4
f6 9. exf6 Nxf6 10. O-O Bd6 11. Nf3 O-O 12. Bf4 Bxf4 13. Nxf4 Ne4 14. Ne2 Qf6
15. Bxe4 dxe4 16. Nd2 Nxd4 17. Nxe4 Nxe2+ 18. Qxe2 Qe7 19. Rac1 b6 20. Rfd1 Bb7
21. Nd6 Rf6 22. f3 Raf8 23. Nxb7 Qxb7 24. Rd6 Qe7 25. Rcc6 e5 26. Qc4+ Qf7 27.
Qxf7+ R8xf7 28. Rc8+ Rf8 29. Rxf8+ Kxf8 30. Rd8+ Ke7 31. Ra8 a5 32. Ra7+ Kf8
33. Rb7 Rc6 34. h3 h6 35. b3 Kg8 36. h4 h5 37. a4 Kh7 38. Re7 Rc5 39. Rb7 Rc6
40. Kf1 Kg6 41. Ke2 Kf6 42. Kd3 g6 43. g4 Rd6+ 44. Ke3 Rc6 45. Ke4 Rd6 46. Ke3
Rc6 47. g5+ Ke6 48. Ke4 Rd6 49. Rg7 Rd4+ 50. Ke3 Rb4 51. Rxg6+ Kf7 52. Rh6
Rxb3+ 53. Ke4 Rb4+ 54. Kxe5 Rxa4 55. Rxb6 Rxh4 56. f4 Rh1 57. Kf5 Rf1 58. g6+
Kg8 59. Rb8+ Kg7 60. Rb7+ Kg8 61. Kg5 1-0

[Event "Korcsoportos bajnokság, 18 évesek"]
[Site "Budapest"]
[Date "2020.10.26"]
[Round "4.4"]
[White "Kovacs, Gabor Etele"]
[Black "Vodila, Martin Botond"]
[Result "0-1"]
[WhiteElo "2075"]
[BlackElo "2224"]
[PlyCount "80"]
[EventDate "2020.10.24"]
[EventType "tourn"]
[EventRounds "9"]
[EventCountry "HUN"]

1. e4 d5 2. exd5 Qxd5 3. Nc3 Qa5 4. d4 Nf6 5. Nf3 Bf5 6. Bc4 e6 7. Bd2 c6 8.
Ne4 Qc7 9. Ng3 Bg6 10. c3 Nbd7 11. Qe2 Bd6 12. O-O O-O 13. Rfe1 c5 14. Bb3 Nh5
15. Ne5 Nxg3 16. hxg3 Bxe5 17. dxe5 Nb6 18. c4 a5 19. a4 Rfd8 20. Bc3 Nc8 21.
g4 Ne7 22. f4 Qb6 23. Bc2 Bxc2 24. Qxc2 Nc6 25. f5 Nd4 26. Qe4 Qc6 27. Qf4 exf5
28. gxf5 f6 29. Rad1 Ne2+ 30. Rxe2 Rxd1+ 31. Kh2 Re8 32. Qg3 fxe5 33. Bxe5 Qh6+
34. Qh3 Qxh3+ 35. Kxh3 Rd3+ 36. Kg4 Rd4+ 37. Kg5 h6+ 38. Kh5 Rxc4 39. b3 Rd4
40. g4 Rd5 0-1

[Event "Korcsoportos bajnokság, 18 évesek"]
[Site "Budapest"]
[Date "2020.10.26"]
[Round "4.5"]
[White "Pribelszky, Bence"]
[Black "Demjen, Mark"]
[Result "1-0"]
[WhiteElo "2286"]
[BlackElo "2018"]
[PlyCount "36"]
[EventDate "2020.10.24"]
[EventType "tourn"]
[EventRounds "9"]
[EventCountry "HUN"]

1. e4 c5 2. Nf3 Nc6 3. d4 cxd4 4. Nxd4 Nf6 5. Nc3 d6 6. Bc4 g6 7. Nxc6 bxc6 8.
e5 Ng4 9. exd6 Qxd6 10. Qxd6 exd6 11. Bf4 d5 12. Nxd5 cxd5 13. Bxd5 Bc5 14.
Bxa8 Bxf2+ 15. Ke2 O-O 16. h3 Ba6+ 17. Kf3 Rxa8 18. hxg4 Bd4 1-0

[Event "Korcsoportos bajnokság, 18 évesek"]
[Site "Budapest"]
[Date "2020.10.27"]
[Round "5.1"]
[White "Demjen, Mark"]
[Black "Kelemen, David"]
[Result "1/2-1/2"]
[WhiteElo "2018"]
[BlackElo "2171"]
[PlyCount "82"]
[EventDate "2020.10.24"]
[EventType "tourn"]
[EventRounds "9"]
[EventCountry "HUN"]

1. e4 a6 2. d4 b5 3. a4 b4 4. Bd3 e6 5. Ne2 Bb7 6. O-O c5 7. c3 cxd4 8. cxd4
Nf6 9. Bg5 Qb6 10. Nd2 d5 11. a5 Qa7 12. e5 Nfd7 13. Be3 Nc6 14. f4 Be7 15. Nb3
f6 16. exf6 Nxf6 17. Ng3 O-O 18. Kh1 Bd6 19. Nh5 g6 20. Nxf6+ Rxf6 21. Qd2 Raf8
22. g4 Bc8 23. h4 Qb8 24. g5 R6f7 25. h5 Ne7 26. Rf2 Bxf4 27. Raf1 Bxe3 28.
Qxe3 Rxf2 29. Rxf2 Rxf2 30. Qxf2 Nf5 31. Bxf5 gxf5 32. Qh2 Qb5 33. Qc7 Qf1+ 34.
Kh2 Qf2+ 35. Kh1 Qf3+ 36. Kg1 Qg4+ 37. Kf2 Qh4+ 38. Kf1 Qh3+ 39. Kg1 Qe3+ 40.
Kf1 Qd3+ 41. Kf2 Qc4 1/2-1/2

[Event "Korcsoportos bajnokság, 18 évesek"]
[Site "Budapest"]
[Date "2020.10.27"]
[Round "5.2"]
[White "Vodila, Martin Botond"]
[Black "Pribelszky, Bence"]
[Result "0-1"]
[WhiteElo "2224"]
[BlackElo "2286"]
[PlyCount "110"]
[EventDate "2020.10.24"]
[EventType "tourn"]
[EventRounds "9"]
[EventCountry "HUN"]

1. e4 c5 2. Nf3 e6 3. d4 cxd4 4. Nxd4 a6 5. Nc3 Qc7 6. Bd3 Nf6 7. O-O Nc6 8.
Nxc6 dxc6 9. Qe2 e5 10. Bg5 Nd7 11. Rad1 b5 12. a4 Bb4 13. axb5 axb5 14. Qh5
O-O 15. Ne2 f6 16. Bc1 g6 17. Qh4 Be7 18. Bh6 Rf7 19. c3 Nc5 20. Bb1 Be6 21. f4
Bc4 22. Rfe1 Rd8 23. Ng3 f5 24. Bg5 Rxd1 25. Rxd1 exf4 26. Qxf4 Qxf4 27. Bxf4
Nxe4 28. Nxe4 fxe4 29. Be3 Bd5 30. Re1 Rf6 31. Bc2 Re6 32. Ra1 Bf6 33. Ra8+ Kf7
34. Ra1 h5 35. g3 Re7 36. Bc5 Re8 37. Ra7+ Ke6 38. Be3 Re7 39. Ra1 Re8 40. Ra7
Kf5 41. Ra1 Bc4 42. Rd1 Rd8 43. Re1 Bd3 44. Bb3 Bg5 45. Be6+ Kf6 46. Bxg5+ Kxg5
47. Kf2 Rf8+ 48. Ke3 c5 49. b4 Rf3+ 50. Kd2 cxb4 51. cxb4 Rf2+ 52. Ke3 Rxh2 53.
Bd5 Rg2 54. Bxe4 Bxe4 55. Kxe4 Rxg3 0-1

[Event "Korcsoportos bajnokság, 18 évesek"]
[Site "Budapest"]
[Date "2020.10.27"]
[Round "5.3"]
[White "Tubak, Daniel"]
[Black "Kovacs, Gabor Etele"]
[Result "1-0"]
[WhiteElo "2214"]
[BlackElo "2075"]
[PlyCount "79"]
[EventDate "2020.10.24"]
[EventType "tourn"]
[EventRounds "9"]
[EventCountry "HUN"]

1. e4 e5 2. Nf3 Nc6 3. Bb5 a6 4. Ba4 Nf6 5. d4 exd4 6. O-O Be7 7. Re1 b5 8. Bb3
d6 9. Bd5 Nxd5 10. exd5 Ne5 11. Nxd4 O-O 12. a4 Bg4 13. Qd2 Qd7 14. b3 Bf6 15.
Bb2 c5 16. dxc6 Nxc6 17. axb5 axb5 18. Rxa8 Rxa8 19. Nxc6 Bxb2 20. Ne7+ Kf8 21.
Nd5 Re8 22. Rxe8+ Kxe8 23. c3 Qf5 24. Qe1+ Kd7 25. Qe7+ Kc6 26. Nb4+ Kb6 27.
Qxd6+ Kb7 28. Qc6+ Ka7 29. Nd2 Qd7 30. Qa6+ Kb8 31. Qb6+ Kc8 32. Na6 Qb7 33.
Qc5+ Kd7 34. Qd4+ Ke7 35. Nc5 Qc8 36. h3 Be6 37. Nde4 Ba3 38. b4 f6 39. Qd6+
Kf7 40. Qb6 1-0

[Event "Korcsoportos bajnokság, 18 évesek"]
[Site "Budapest"]
[Date "2020.10.27"]
[Round "5.4"]
[White "Forgacs, Andras"]
[Black "Geher, Koppany"]
[Result "0-1"]
[WhiteElo "1880"]
[BlackElo "2319"]
[PlyCount "46"]
[EventDate "2020.10.24"]
[EventType "tourn"]
[EventRounds "9"]
[EventCountry "HUN"]

1. c4 e5 2. g3 Nf6 3. Bg2 c6 4. Nc3 d5 5. Nf3 e4 6. Ng1 Be7 7. d4 O-O 8. Bg5
dxc4 9. e3 Nd5 10. Bxe7 Qxe7 11. Nxe4 Nb4 12. Qd2 Bf5 13. f3 c5 14. Kf1 Bxe4
15. fxe4 N8c6 16. e5 Rad8 17. a3 Nd3 18. Bxc6 bxc6 19. Qc3 cxd4 20. exd4 c5 21.
Nf3 Qb7 22. Kg2 cxd4 23. Qxc4 Qxf3+ 0-1

[Event "Korcsoportos bajnokság, 18 évesek"]
[Site "Budapest"]
[Date "2020.10.27"]
[Round "5.5"]
[White "Pogany, Zsombor"]
[Black "Ongut, Tamas Gunes"]
[Result "1/2-1/2"]
[WhiteElo "2221"]
[BlackElo "2333"]
[PlyCount "58"]
[EventDate "2020.10.24"]
[EventType "tourn"]
[EventRounds "9"]
[EventCountry "HUN"]

1. e4 c5 2. Nf3 d6 3. d4 cxd4 4. Nxd4 Nf6 5. Nc3 a6 6. Be3 e6 7. f3 h5 8. Qd2
Be7 9. O-O-O b5 10. Kb1 Bb7 11. h3 Nbd7 12. Bd3 b4 13. Nce2 d5 14. exd5 Nxd5
15. Bf2 Nc5 16. Bc4 O-O 17. h4 Rc8 18. Bxd5 Bxd5 19. Nf4 Na4 20. Nxd5 Qxd5 21.
Nb3 Qf5 22. Qd3 Qxd3 23. cxd3 Rfd8 24. Rd2 Rd5 25. Rc1 Rcd8 26. Rc6 R8d6 27.
Rxd6 Bxd6 28. d4 Bc7 29. Rc2 Bb6 1/2-1/2

[Event "Korcsoportos bajnokság, 18 évesek"]
[Site "Budapest"]
[Date "2020.10.27"]
[Round "6.1"]
[White "Kelemen, David"]
[Black "Ongut, Tamas Gunes"]
[Result "1/2-1/2"]
[WhiteElo "2171"]
[BlackElo "2333"]
[PlyCount "58"]
[EventDate "2020.10.24"]
[EventType "tourn"]
[EventRounds "9"]
[EventCountry "HUN"]

1. e4 c5 2. Nf3 d6 3. d4 cxd4 4. Nxd4 Nf6 5. Nc3 a6 6. Be3 e6 7. Qd2 b5 8. f3
h5 9. g3 Bb7 10. O-O-O Be7 11. Bh3 O-O 12. Rhg1 Nbd7 13. Bg5 b4 14. Nb1 Qa5 15.
Nb3 Qxa2 16. Qxb4 Nd5 17. Rxd5 Bxd5 18. Bxe7 Rfb8 19. Qxb8+ Rxb8 20. Nc3 Bxb3
21. Nxa2 Bxa2 22. b3 a5 23. Kb2 Bxb3 24. cxb3 a4 25. b4 Rxb4+ 26. Ka3 Rb3+ 27.
Kxa4 Nc5+ 28. Ka5 Nb7+ 29. Ka6 Nc5+ 1/2-1/2